000 00366pab a2200145 454500
008 180718b1997 xxu||||| |||| 00| 0 eng d
100 _aHawtrey, K.M.
245 _aModern central banking: pressure for change
260 _c1997
300 _ap.59-70
362 _aMar
650 _aBanks
773 _aAustralian Journal of Public Administration
909 _a34606
999 _c34606
_d34606